Statistics for Tallest Buildings in London Quiz

Click here to take the quiz!

General Stats

  • This quiz has been taken 750 times
    (729 since last reset)
  • The average score is 3 of 10

Answer Stats

RankHeightSkyscraper% Correct
1310m / 1,016ftThe Shard
99%
7180m / 590ft30 St Mary Axe
70%
8177m / 581ftBT Tower
38%
2235m / 771ftOne Canada Square
31%
6183m / 600ftTower 42
27%
3230m / 756ftHeron Tower
17%
4200m / 655ft8 Canada Square
13%
5200m / 655ft25 Canada Square
5%
9161m / 529ftBroadgate Tower
3%
10156m / 513ftOne Churchill Place
2%

Score Distribution

Percentile by Number Answered

Percent of People with Each Score

Your Score History

You have not taken this quiz since the last reset